000 00382nam a2200145 4500
020 _a0030778409
040 _cDLC
082 0 0 _a515 HOL 1972 A035 Or.
100 1 _aHorner, Donald R.
245 1 0 _aIntroductory calculus
260 _aNew York,
_bHolt, Rinehart, and Winston
_c[1971, c1972]
300 _axv, 482 p.
_billus. (part col.)
_c25 cm.
650 0 _aCalculus.
942 _cEK
999 _c12600
_d12600